Đại Nam liệt truyện tiền biên T.3 Đại Nam chính biên liệt truyện : Nhị tập quyển đầu - quyển 25
v...v
Đã lưu trong:
| Tác giả chính: | |
|---|---|
| Tác giả của công ty: | , |
| Định dạng: | Sách |
| Ngôn ngữ: | Vietnamese Chinese |
| Năm xuất bản: |
Huế.
Nxb Thuận Hóa
1993
|
| Chủ đề: | |
| Tags: |
Thêm thẻ
Không có thẻ, Hãy là người đầu tiên gắn thẻ bản ghi này!
|
| LEADER | 01449cam a22003735a 4500 | ||
|---|---|---|---|
| 001 | 69029 | ||
| 005 | 20161013160128.0 | ||
| 008 | 950810s1993 vm f000 0cvie | ||
| 040 | |a DLC |c DLC |d WaU | ||
| 041 | 1 | |a vie |h chi | |
| 042 | |a lcode | ||
| 043 | |a a-vt--- | ||
| 050 | 0 | 0 | |a IN PROCESS |
| 082 | |a 595.7029 |b Q514S | ||
| 100 | |a Quốc Sử Quán Triều Nguyễn | ||
| 245 | 0 | 0 | |a Đại Nam liệt truyện tiền biên |c Quốc Sử Quán Triều Nguyễn biên soạn; Ngô Hữu Tạo, Đỗ Mộng khương dịch |n T.3 |p Đại Nam chính biên liệt truyện : Nhị tập quyển đầu - quyển 25 |
| 260 | |a Huế. |b Nxb Thuận Hóa |c 1993 | ||
| 300 | |a 498tr. |c 21 cm | ||
| 520 | |a v...v | ||
| 651 | 0 | |a Vietnam |x History |y Nguyẽ̂n dynasty, 1802-1945. | |
| 651 | 0 | |a Vietnam |x History |x Sources. | |
| 651 | 0 | |a Vietnam |x Biography. | |
| 653 | |a Lịch sử | ||
| 653 | |a Việt Nam | ||
| 653 | |a Triều Nguyễn | ||
| 653 | |a Truyện lịch sử | ||
| 653 | |a Nhân vật lịch sử | ||
| 710 | 2 | |a Quốc sử quán triều Nguyễn. | |
| 710 | 2 | |a Viện sử học (Vietnam) | |
| 906 | |a 7 |b ibc |c origode |d 2 |e ncip |f 19 |g y-gencatlg | ||
| 942 | |2 ddc |c SH | ||
| 955 | |a wj07; yk06 02-12-96; yk11/yk02 03-20-96; | ||
| 999 | |c 2459 |d 2459 | ||
| 952 | |0 0 |1 0 |2 ddc |4 0 |6 959_702900000000000 |7 0 |8 900 |9 31599 |a qbu |b qbu |c D5 |d 2014-12-13 |g 100000 |o 959.7029 |p 4292.C1 |r 0000-00-00 |w 2014-12-13 |y SH |0 0 |6 959_702900000000000 |0 0 |6 595_702900000000000_Q514S | ||